Origami animals

Bibliographic Details
Main Author: Rojas, Hector
Format: Book
Published: New York : Sterling Publishing , 1992
Subjects:

MARC

LEADER 00000cam a2200000 7i4500
001 0000001450
002 000001595
005 20000330.0
020 |a 0806986484 
090 0 0 |a 736.982   |b ROJ 
100 1 |a Rojas, Hector 
245 1 0 |a Origami animals   |c Hector Rojas 
260 |a New York :   |b Sterling Publishing ,   |c 1992 
300 |a 159p. ;   |c 25cm. 
650 0 0 |a Origami 
999 |a 033025   |b BUKU   |c RUJUKAN   |e PERPUSTAKAAN KOMUNITI PETALING JAYA 
999 |a 033026   |b BUKU   |c PINJAMAN   |e PERPUSTAKAAN KOMUNITI PETALING JAYA